000
00451nam a2200145Ia 4500
008
151213s9999 xx 000 0 und d
100
_a
আজহার হোসেন।
245
_a
বন্ধনহীন গ্রন্তি।
_c
আজহার হোসেন।
260
_a
ঢাকা
_b
-
_c
1997
300
_a
8437 p.
650
_a
Bangla
650
_a
Bengali Literature
700
_a
আজহার হোসেন।
999
_c
4275
_d
4275